000 00489 a2200169 4500
003 OSt
005 20231223113727.0
008 231223b |||||||| |||| 00| 0 eng d
020 _a9788170559337
040 _coclc
082 _a891.43
_bSIN/S
100 _aSingh, Kunwar Pal
_910202
245 _aSAHITYA AUR HAMARA SAMAY /
_cKunvar Pal Singh
260 _aNew Delhi:
_bVani Prakashan,
_c2002.
300 _a139p
942 _2ddc
_cBK
_h891.43
_iSIN/S
_k891.43
_mSIN/S
999 _c43542
_d43542